| 000 | 00505nam a22001817a 4500 | ||
|---|---|---|---|
| 999 |
_c179880 _d179880 |
||
| 005 | 20210713113443.0 | ||
| 010 | _aENG-129543 | ||
| 020 |
_c550.00 _a978-93-88658-09-6 |
||
| 035 | _aEN-113075 | ||
| 037 | _bDBAD/PUB | ||
| 082 | _aN | ||
| 100 | _aSuresh Hinduja | ||
| 245 |
_aNine Lives of A Cat/ _cby Suresh Hinduja |
||
| 260 |
_aDelhi _bNational paperbacks _c2018 |
||
| 270 |
_bNew Delhi _a1, Ansari road, darya ganj _k9395314841 _e110002 |
||
| 300 |
_a193p; _c23cm(hbk) |
||
| 942 |
_2ddc _cEN _hN _mHIN |
||